Hacia la restauración peninsular de la vida capuchina. Noticias históricas sobre algunas experiencias pioneras durante la exclaustración hispana (Record no. 664115)
[ view plain ]
| 000 -CABECERA | |
|---|---|
| Campo de control de longitud fija | 00555nab a2200145Ia 4500 |
| 003 - IDENTIFICADOR DEL NÚMERO DE CONTROL | |
| Campo de control | ES-SlBCS |
| 005 - FECHA Y HORA DE LA ÚLTIMA TRANSACCIÓN | |
| Campo de control | 20210601141638.0 |
| 008 - CÓDIGOS DE INFORMACIÓN DE LONGITUD FIJA | |
| Campo de control de longitud fija | 140529s1998 xxu||||| |||| 00| 0 spa d |
| 041 ## - CÓDIGO DE LENGUA | |
| Código de lengua del texto/banda sonora o título independiente | spa |
| 100 1# - PUNTO DE ACCESO PRINCIPAL-NOMBRE DE PERSONA | |
| Nombre de persona | Sierra, Valentí |
| 9 (RLIN) | 259248 |
| 245 00 - MENCIÓN DE TÍTULO | |
| Título | Hacia la restauración peninsular de la vida capuchina. Noticias históricas sobre algunas experiencias pioneras durante la exclaustración hispana |
| Mención de responsabilidad, etc. | Valentí Sierra |
| 610 24 - PUNTO DE ACCESO ADICIONAL DE MATERIA-NOMBRE DE ENTIDAD CORPORATIVA | |
| Nombre de entidad corporativa o nombre de jurisdicción como elemento inicial | Capuchinos Españoles |
| 9 (RLIN) | 130360 |
| 773 0# - ENLACE AL DOCUMENTO FUENTE | |
| Título | Estudios Franciscanos |
| Parte(s) relacionada(s) | vol. 99, nº. 423, 1998, págs. 371-412 |
| Número de control del registro relacionado | Rev191 |
| 942 ## - ENTRADA DE ELEMENTOS AGREGADOS (KOHA) | |
| Koha [por defecto] tipo de item | Artículos de revista |
| Suprimido | Perdido | Estropeado | No para préstamo | Localización permanente | Localización actual | Localización en estantería | Fecha adquisición | Préstamos totales | Fecha última consulta | Fecha del precio de reemplazo | Tipo de item de Koha |
|---|---|---|---|---|---|---|---|---|---|---|---|
| San Esteban | San Esteban | Depósito de revistas | 11/07/2014 | 11/07/2014 | 11/07/2014 | Artículos de revista |
